Представление документа в формате RUSMARC

ПолеНазваниеЗначение
  Тип записи i
  Библиографический уровень m
001 Контрольный номер LIBNET\0000294576
005 Дата корректировки 20230221163248.5
010 Индекс ISBN __
d Цена 521-44
100 Данные общей обработки __
a Данные общей обработки 19141225d2012####||| 0rusy0189 ca
101 Язык документа 0_
a Язык текста rus
102 Страна публикации __
a Страна публикации RU|
105 Кодированные данные (монография) __
a Кодированные данные (монография) an|||||||||zy
127 Кодированные данные (звукозаписи-физические характеристики) __
a Продолжительность проигрывания 59 мин
200 Заглавие и сведения об ответственности 1_
a Заглавие "Друг мой, Колька"
e Сведения, относящиеся к заглавию [аудиокнига : 12+]
f Первые сведения об ответственности А. Г. Хмелик ; [исполнители В. Калмыков и др. ; режиссер А. Эфрос]
b Общее обозначение материала Звукозапись
210 Выходные данные 1_
a Место издания Москва
c Издательство Агентство
d Дата издания 2012
215 Физическое описание __
a Объем 1 электрон. опт. диск (Audio CD)
c Иллюстрации/тип воспроизводства mp3
d Формат 12х14 см
225 Серия 2_
a Серия Audiobook
230 Специфическая характеристика материала: электронные ресурсы __
a Обозначение и объем ресурса Электронные звуковые данные
323 Примечание о главных создателях, исполнителях, участниках __
a Примечание о главных создателях, исполнителях, участниках Калмыков, В. (Сергей Руденко)
323 Примечание о главных создателях, исполнителях, участниках __
a Примечание о главных создателях, исполнителях, участниках Сайфуллин, Г. (Колька Снегирев)
323 Примечание о главных создателях, исполнителях, участниках __
a Примечание о главных создателях, исполнителях, участниках Дмитриева, А. (Лидия Михайлова)
323 Примечание о главных создателях, исполнителях, участниках __
a Примечание о главных создателях, исполнителях, участниках Чернышева, Л. (Новикова)
323 Примечание о главных создателях, исполнителях, участниках __
a Примечание о главных создателях, исполнителях, участниках Лакирев, В. (Устинов)
323 Примечание о главных создателях, исполнителях, участниках __
a Примечание о главных создателях, исполнителях, участниках Фонин, И. (Дранкин)
323 Примечание о главных создателях, исполнителях, участниках __
a Примечание о главных создателях, исполнителях, участниках Логвинов, М. (Пимен)
323 Примечание о главных создателях, исполнителях, участниках __
a Примечание о главных создателях, исполнителях, участниках Поляков, А. (Исаев)
323 Примечание о главных создателях, исполнителях, участниках __
a Примечание о главных создателях, исполнителях, участниках Устюгов, К. (Седой)
323 Примечание о главных создателях, исполнителях, участниках __
a Примечание о главных создателях, исполнителях, участниках Бруснигина, В. (Евгения Николаевна)
323 Примечание о главных создателях, исполнителях, участниках __
a Примечание о главных создателях, исполнителях, участниках Гулая, И. (Канарейкина)
323 Примечание о главных создателях, исполнителях, участниках __
a Примечание о главных создателях, исполнителях, участниках Анисимова, В. (Огородникова)
330 Аннотация __
a Аннотация Спектакль, любимый многими поколениями школьников нашей страны, рассказывающий о взаимоотношениях ребят в школе и вне школы, об их проблемах, о подлости и благородстве, о гордости и унижениях... Главный герой, Коля Снегирев, преодолевает все трудности, оказывается настоящим человеком. Спектакль поставлен выдающимся режиссером Анатолием Эфросом.
333 Примечание о целевом назначении __
a Примечание о целевом назначении 12+. Для детей старше 12 лет
337 Примечание о системных требованиях (электронные ресурсы) __
a Примечание о системных требованиях (электронные ресурсы) Систем. требования: Pentium 100 Mhz; 16 Mb RAM; 4-x CD-ROM; звуковая карта SVGA; Windows 98/ME/XP/2000
606 Тематические рубрики __
a Основная рубрика Художественная литература
606 Тематические рубрики __
a Основная рубрика Русская литература XX в. (произведения)
610 Ключевые слова 0_
a Ключевые слова детская литература
a Ключевые слова пьесы
a Ключевые слова советская литература
a Ключевые слова тема благородства
a Ключевые слова тема взаимоотношений
a Ключевые слова тема гордости
a Ключевые слова тема дружбы
a Ключевые слова тема пионеров
a Ключевые слова тема подлости
a Ключевые слова тема подростков
a Ключевые слова тема поступков
a Ключевые слова тема СССР
a Ключевые слова тема школы
a Ключевые слова тема школьников
a Ключевые слова тема школьной жизни
686 Индексы других классификаций __
2 Код системы rubbks
a Классификационный индекс ст84(2Рос=Рус)6-6я0
700 Автор _1
a Фамилия Хмелик
b Имя А. Г.
f Даты 1925-2001
g Полное личное имя Александр Григорьевич
4 Код отношения 070
801 Источник записи _0
a Страна RU
b Организация Муниципальное бюджетное учреждение культуры "Централизованная библиотечная система" г. Сургут (Центральная городская библиотека им. А. С. Пушкина)
c Дата составления 20141225
g Правила каталогизации КиК/Апакова
801 Источник записи _1
a Страна RU
b Организация Муниципальное бюджетное учреждение культуры "Централизованная библиотечная система" г. Сургут (Центральная городская библиотека им. А. С. Пушкина)
c Дата составления 20141225
g Правила каталогизации КиК/Апакова
852 Данные о местонахождении __
j Шифр хранения ст84(2Рос=Рус)6-6я0
i Авторский знак Х 65
901 Тип документа __
t Тип документа 0
903 Характеристики (МАРС) __
a Дата передачи 20141225
969 Тип издания __
a Тип издания аудиоспектакль; издание для детей; издание для слепых
990 Данные о заказе (DOS) __
j Количество экземпляров (DOS) 11
t N записи в КСУ для И/У (DOS) 201501